Villes les plus peuplees par etats. - Statistiques

Statistiques générales
  • Ce quiz a été pris 94 fois
  • Le résultat moyen est 28 sur 53
Statistiques - réponses
Etats Villes Population % Correct
New York New York 8,336,817
100%
Californie Los Angeles 3,979,576
99%
Illinois Chicago 2,693,976
95%
Massachusetts Boston 692,600
91%
Nevada Las Vegas 651,319
91%
Texas Houston 2,320,268
89%
Washington Seattle 753,675
88%
Colorado Denver 727,211
84%
Pennsylvanie Philadelphie 1,584,064
84%
Arizona Phoenix 1,680,992
84%
District de Columbia Washington 705,749
83%
Michigan Detroit 670,031
79%
Indiana Indianapolis 876,384
76%
Oklahoma Oklahoma City 655,057
76%
Georgie Atlanta 506,811
75%
Louisiane Nouvelle Orleans 390,144
73%
Missouri Kansas City 495,327
72%
Oregon Portland 654,741
69%
Hawaii Honolulu 345,064
68%
Mississippi Jackson 160,628
64%
Utah Salt Lake City 200,567
64%
Caroline du Nord Charlotte 885,708
63%
Tennessee Nashville 670,820
63%
Minnesota Minneapolis 429,606
61%
Maryland Baltimore 593,490
56%
Floride Jacksonville 911,507
55%
Nouveau Mexique Albuquerque 560,513
53%
Ohio Cleveland 381,009
51%
Alaska Anchorage 288,000
48%
Iowa Des Moines 214,237
45%
Kentucky Louisville 617,638
44%
Caroline du Nord Raleigh 474,069
43%
Wisconsin Milwaukee 590,157
41%
Idaho Boise 228,959
36%
Oregon Salem 174,365
36%
Rhode Island Providence 179,883
32%
Caroline du Sud Charleston 137,566
31%
Puerto Rico San Juan 395,326
31%
Ohio Colombus 898,553
29%
Nebraska Omaha 478,192
29%
Alabama Birmingham 209,403
28%
Arkansas Little Rock 197,312
28%
New Jersey Newark 282,011
27%
Arizona Tucson 548,073
27%
Virgine Virginia Beach 449,974
24%
Kansas Wichita 389,938
19%
Dakota du Nord Fargo 124,662
17%
New Hampshire Manchester 112,673
17%
Dakota du Sud Sioux Falls 183,793
17%
Montana Billings 109,577
13%
Connecticut Bridgeport 144,399
12%
Kentucky Lexington 323,152
12%
Caroline du Nord Greensboro 296,710
11%
Aucun quiz correspondant
Distribution des résultats
% des personnes avec chaque résultat
Percentile par nombre de réponses
Votre historique - résultats
Vous n’avez pas pris ce quiz